000 00580nam a2200217Ia 4500
003 OSt
005 20220924122514.0
006 a|||||r|||| 00| 0
007 ta
008 220923b |||||||| |||| 00| 0 fre d
024 _a256995
037 _cTextual
040 _aARTS
_cARTS
_bfre
041 _2fre
_afre
082 _aO11196,3K59,1, 122K4
245 0 _aRobinson kriso
_b na kisiwa chake
260 _aLondon
_bThomas Nelson
_c1964
650 _aENGLISH LITERATURE
942 _hO11196,3K59,1, 122K4
_cTEXL
_2CC
999 _c411888
_d411888